Statistics for World's Longest Rivers

Click here to take the quiz!

General Stats

  • This quiz has been taken 41,803 times
  • The average score is 11 of 28

Answer Stats

Length River % Correct
4,258 miNile
98%
4,345 miAmazon
96%
3,902 miMississippi
90%
1,795 miDanube
76%
3,395 miYellow
73%
3,917 miYangtze
70%
2,266 miVolga
67%
2,391 miBrahmaputra / Ganges
59%
2,922 miCongo
59%
2,236 miShatt al-Arab
45%
2,705 miMekong
45%
1,900 miRio Grande
41%
2,611 miNiger
39%
1,976 miIndus
37%
1,673 miZambezi
34%
1,900 miSaint Lawrence
26%
2,282 miMurray
25%
1,980 miYukon
24%
3,364 miOb
24%
2,736 miLena
19%
3,030 miParaná
19%
2,637 miMackenzie
17%
2,763 miAmur
17%
3,445 miYenisei
14%
1,976 miSão Francisco
6%
1,913 miSyr Darya
6%
2,270 miTocantins
5%
1,901 miSalween
5%

Score Distribution

Percentile by Number Answered

Percent of People with Each Score

Your Score History

You have not taken this quiz